000 00386nam a2200169Ia 4500
008 210210b1960 xxu||||| |||| 00| 0 eng d
041 _aeng
082 _a370/57
100 _aMUDALIER (A L)
245 _aEducation in India
260 _aBombay
_bAsia Publishing House
_c1960
650 _aIndia
650 _ain
650 _aEducation
690 _aEducation
906 _a004997
999 _c128680
_d128680